শ্রীমন্মহর্ষি কৃষ্ণদ্বৈপায়ন বেদব্যাস বিরচিত শ্রীমদ্ভাগবত /

Detaylı Bibliyografya
Yazar: Vedavyas, E. (Ekkirala), 1934-
Diğer Yazarlar: ঘোষ, সুধাংশুরঞ্জন
Materyal Türü: Kitap
Dil:Bengali
Baskı/Yayın Bilgisi: কলকাতা : তুলি-কলম, ২০১৪.
Edisyon:অখন্ড রাজ সংস্করণ.
Konular:
Classic Catalogue: View this record in Classic Catalogue
LEADER 01359nam a22002657a 4500
001 31936
003 BD-DhAAL
005 20250812170841.0
008 171120s2014 ii ||||| |||| 00| 0 ben d
040 |a BD-DhAAL  |c BD-DhAAL 
082 |a 294.5924  |2 23 
100 |a Vedavyas, E.  |q (Ekkirala),  |d 1934-  |9 58895 
245 |a শ্রীমন্মহর্ষি কৃষ্ণদ্বৈপায়ন বেদব্যাস বিরচিত শ্রীমদ্ভাগবত /  |c মূল সংস্কৃত থেকে পূর্ণাঙ্গ গদ্যানুবাদ করেছেন সুধাংশুরঞ্জন ঘোষ.  |b   
246 |a শ্রীমদ্ভাগবত 
250 |a অখন্ড রাজ সংস্করণ. 
260 |a কলকাতা :  |b তুলি-কলম,  |c ২০১৪. 
300 |a ৭৩৫ পৃষ্ঠা :  |c ২৪ সে.মি. 
526 |a AAL 
541 |e 31936 
630 |a Bhagavadgita.  |9 58894 
700 |a ঘোষ, সুধাংশুরঞ্জন.  |9 23809 
852 |a Ayesha Abed Library  |c General Stacks 
942 |2 ddc  |c BK 
999 |c 38587  |d 38587 
952 |0 0  |1 0  |2 ddc  |4 0  |6 294_592400000000000_VED  |7 1  |9 61904  |a BRACUL  |b BRACUL  |c REF  |d 2017-11-21  |e Development Book Agency  |g 300.00  |l 3  |m 23  |o 294.5924 VED  |p 3010031936  |r 2022-08-22  |s 2022-06-25  |t 1  |v 600.00  |w 2017-11-21  |y BK